Conclusiones y recomendaciones del primer seminario sobre la industria de la construcción

Saved in:
Bibliographic Details
Corporate Author: Costa Rica. Oficina de Planificación Nacional y Política Económica
Format: Text
Published: San José: OFIPLAN
Tags: Add Tag
No Tags, Be the first to tag this record!

MARC

LEADER 00000 a a2200000 04500
001 17415
003
040
090 |a 020100  
110 |a Costa Rica. Oficina de Planificación Nacional y Política Económica  
245 |a Conclusiones y recomendaciones del primer seminario sobre la industria de la construcción  
260 |a San José:   |b OFIPLAN  
300 |a 14 p.  
999 |c 2919  |d 2919